[Event "EU-ch 4th"]
[Site "Istanbul"]
[Date "2003.06.10"]
[Round "10"]
[White "Tregubov, Pavel V"]
[Black "Pavasovic, Dusko"]
[Result "1/2-1/2"]
[WhiteElo "2632"]
[BlackElo "2584"]
[Annotator "Tsesarsky,I"]
[PlyCount "132"]
[EventDate "2003.05.30"]
[EventType "swiss"]
[EventRounds "13"]
[EventCountry "TUR"]
[SourceTitle "CBM 096"]
[Source "ChessBase"]
[SourceDate "2003.09.25"]
[SourceVersion "1"]
[SourceVersionDate "2003.09.25"]
[SourceQuality "1"]

1. d4 d5 2. c4 e6 3. Nf3 c6 4. e3 Nf6 5. Bd3 dxc4 6. Bxc4 Nbd7 7. O-O Bd6 8. b3
O-O 9. Bb2 Qc7 10. Nbd2 {This opening variation's idea is to avoid well-known
deeply investigated theoretical variations. The price is: no opening advantage.
} ({Only 2 games played this rare variation so far} 10. Nc3 e5 11. h3 exd4 (
11... a6 12. Qc2 exd4 13. Nxd4 Ne5 (13... b5 14. Be2 Re8 {[%cal Gd6f8]} (14...
c5 15. Nf5 Bb7 16. Nxd6 Qxd6 17. Rfd1 $14 {[%csl Gb2,Ge2]}) 15. Nf5 $14) 14.
Be2 Re8 (14... Qe7 $6 15. Rad1 Re8 16. Rd2 Bc7 17. Rfd1 Ng6 18. Nf3 Be6 19. Qc1
Red8 {1-0 Inarkiev,E-Antal,G/Halkidiki 2001/EXT 2002 (42)}) 15. Rad1 Ng6 $11)
12. Nxd4 b5 (12... Nb6 13. Bd3 Qe7 14. Re1 Rd8 15. Qc2 Ba3 16. Bxa3 Qxa3 17.
Rad1 $14 {1-0 Garcia Palermo,C-Martorelli,A/Reggio Emilia 1994/CBM 45 (28)})
13. Bd3 Nc5 $11 {[%cal Gc5d3,Ga7a6,Gc6c5]}) 10... e5 11. h3 h6 (11... exd4 12.
Nxd4 Ne5 $132) 12. e4 exd4 13. Nxd4 Re8 {[%csl Re4][%cal Ge8e4]} 14. Re1 Bh2+
15. Kh1 Bf4 16. N4f3 Ne5 {Simplifying the game by massive exchanges.} 17. Nxe5
Bxe5 18. Bxe5 Qxe5 19. Nf3 Qa5 $6 $14 {[%csl Ra5] Bad place for the Q.} ({
Easily equalizes:} 19... Qf4 $142 20. e5 Ne4 $1 21. Qe2 Ng5 22. Nxg5 Qxg5 23.
Rad1 Be6 $11) 20. e5 Nh7 21. Qe2 Nf8 {The best.} (21... Bf5 $143 22. Nd4 Bg6
23. f4 $16) (21... Be6 $143 22. Bxe6 Rxe6 23. Nd4 $16) 22. Nd4 (22. Rad1 $14)
22... Bd7 $2 $16 {Passive move.} ({Why not} 22... Be6 23. Bxe6 Nxe6 24. Nf5
Rad8 $14) 23. f4 {White's plan is to promote central PP and to destroy black K
fortress.} c5 $5 ({Another try was to blockade the kingside by} 23... Be6 24.
Nxe6 fxe6 (24... Nxe6 25. f5 Ng5 (25... Nf4 26. Qe4 Nd5 27. b4 $16) 26. a3 $1 {
This move serves purpose to remain Bc4 on the diagonal a2-g8.} (26. h4 Nh7 27.
Qh5 $1 (27. e6 $2 fxe6 28. Bxe6+ (28. fxe6 Re7 29. Rad1 Rae8 $132) 28... Kh8
29. Rad1 (29. g4 Nf8 30. g5 Nxe6 31. fxe6 Qf5 32. gxh6 Rxe6 $11) 29... Rad8 $11
) 27... Re7 28. Re2 Rd8 (28... b5 $4 29. f6 $18) 29. Rf1 (29. f6 Nxf6 {[%cal
Ga5h5]}) 29... Rd4 30. f6 (30. g3 Rxc4 31. bxc4 Rxe5 32. Qf3 $16) 30... Nxf6
31. Rxf6 Rxc4 32. bxc4 gxf6 33. Qg4+ Kf8 34. exf6 Rxe2 35. Qxe2 Qd8 36. Qe5 $16
{[%csl Gf6,Rf8,Rh6][%cal Gh4h5]}) 26... b5 27. b4 Qb6 28. Bb3 c5 29. bxc5 Qxc5
30. h4 Nh7 31. Qf3 $16) 25. Rf1 $16 {[%csl Re6,Rf8]}) 24. Nb5 {[%cal Gb5d6]}
Bxb5 25. Bxb5 Re7 26. f5 a6 $5 {Meets interesting tactical impact.} ({It was
possibly to play} 26... Rd8 27. Bc4 (27. f6 gxf6 28. Qg4+ Kh7 29. Qf5+ Ng6 $132
) 27... Rde8 28. Rad1 Qc7 (28... Rxe5 29. Bxf7+ Kh8 (29... Kxf7 30. Qc4+ Kf6
31. Rd6+ $18) 30. Bxe8 Rxe2 31. Rxe2 $18 {[%csl Rh8]}) 29. e6 (29. Rd5 a6 30.
a4 Nd7 {[%csl Re5]} 31. e6 fxe6 32. fxe6 Nf6 33. Rd7 Qg3 34. Qe5 Qxe5 35. Rxe5
Kf8 (35... b6 36. Rd6 $18 {[%csl Ra6,Rb6]}) 36. Rxe7 Kxe7 37. Rxc5 Kd6 38. Rf5
$16) 29... fxe6 30. fxe6 Kh8 31. Qg4 $18) 27. f6 $1 {Of course!} ({The same
idea can't be implemented by} 27. Qg4 $2 {[%cal Gf5f6]} Nh7 $1 ({Not} 27... Kh8
$2 28. f6 gxf6 29. Qf4 Kg8 30. Bc4 Rae8 31. Rf1 $18)) 27... gxf6 $8 28. Qg4+
Ng6 $1 ({The other replies are worse:} 28... Kh8 $2 29. Qf4 Kg8 30. Bc4 Rae8
31. Rf1 $18 {with decisive Attack.}) (28... Kh7 $2 29. Bd3+ Ng6 30. Rf1 Rg8 31.
exf6 {and White wins:} Re3 (31... Re6 32. Bc4 Nf8 33. Qf3 $18 {[%csl Re6,Rf7]})
(31... Rc7 32. h4 $18 {[%csl Rg6][%cal Gh4h5]}) 32. Qd7 $18 {[%csl Rf7]}) 29.
Bc4 {[%csl Rg6][%cal Gc4g8]} Kh7 (29... Kf8 $144 30. Rf1 Nxe5 31. Qf4 Kg8 (
31... Nxc4 32. Qxf6 $18 {[%csl Ra8,Re7,Rf8]}) {Or} 32. Qxf6 $1 (32. Rae1 Qc7
33. Qg3+ Kh7 34. Rxf6 Nxc4 35. Rxh6+ Kxh6 36. Qh4+ Kg7 37. Rxe7 Qd6 38. bxc4 b5
$14) (32. Qxh6 $1 Nxc4 (32... Rae8 33. Rxf6 Nxc4 34. Qg5+ Kf8 35. Raf1 $18 {
[%csl Rf8][%cal Gf6g6,Gf1f8]}) 33. Qxf6 Rae8 34. Qg5+ Kf8 35. bxc4 Qc7 36. Rad1
Qe5 37. Qh6+ Qg7 38. Qb6 Kg8 39. Qxc5 Re2 40. Rf2 $16) 32... Qc7 33. Rae1 b5
34. Rxe5 Qxe5 35. Bxf7+ Rxf7 36. Qxf7+ Kh8 37. Qb7 (37. Rf5 Qe1+ 38. Kh2 Rg8
39. Qf6+ Kh7 40. Qd6 Qe2 $14) 37... Rg8 38. Qxa6 Qg5 39. Qc6 $16) 30. Rf1 Nxe5
(30... fxe5 31. Rxf7+ Rxf7 32. Bxf7 Qb6 33. Rd1 $18) 31. Qf5+ Ng6 $2 $18 {
Eventually, during solving a lot of problems, Black puts a mistake.} ({Strong
was} 31... Kg8 32. Qxf6 Qc7 $16 {-see above.}) 32. h4 {[%cal Gh4h5]} ({Wins} 
32. Qxf6 {[%csl Rf7]} Rf8 (32... Qc7 33. Bxf7 Ne5 34. Be6 $18 {[%csl Rh7][%cal
Ge6f5]}) 33. h4 Qc7 (33... Ree8 34. Rad1 $18 {[%cal Gc4f7]} (34. Bxf7 Ne5 $1
$11)) 34. h5 Ne5 35. Bd5 {[%csl Rh7][%cal Gd5e4,Gf6f5]} Nc6 36. Rf4 Qd8 37. Rd1
$18) 32... h5 ({Or} 32... b5 33. Bd3 Qb4 {[%cal Gb4h4]} (33... Kg8 34. Qxf6 Qd8
35. Bxg6 fxg6 36. Qxg6+ Rg7 37. Qe6+ Kh7 38. Rf6 Rg6 39. Raf1 $18) 34. Qxf6
Rae8 (34... c4 35. Bf5 h5 36. g4 hxg4 37. h5 Rg8 38. Rad1 $18) 35. h5 $18) 33.
Qxf6 Rf8 34. Rf5 (34. g4 Re6 35. Bxe6 fxe6 36. Qxe6 $18) 34... Re1+ 35. Kh2
Qc7+ 36. g3 Re5 37. Bxf7 Nxh4 (37... Qxf7 38. Qxf7+ Rxf7 39. Rxf7+ $18) 38.
Rxe5 $4 $11 {Perhaps, time pressure was the factor which caused this blunder.}
({Wins} 38. Raf1 Rxf5 39. Rxf5 Qxf7 (39... Nxf5 40. Qxf5+ Kh8 41. Qxh5+ Kg7 42.
Qg6+ Kh8 43. Qh6#) 40. Qxf7+ Rxf7 41. Rxf7+ $18) 38... Qxe5 39. Qxe5 Nf3+ 40.
Kg2 Nxe5 41. Bxh5 Rd8 42. Re1 Rd2+ 43. Kh3 (43. Re2 Rxe2+ 44. Bxe2 Kg6 $11)
43... Nc6 44. a4 Rd3 45. Bf7 Kg7 46. Bc4 Rc3 47. Kh4 b5 48. axb5 axb5 49. Bxb5
Nd4 50. Re7+ Kf6 51. Rb7 Rxb3 52. Ba6 Nf5+ 53. Kg4 Ra3 54. Be2 Nxg3 55. Bc4 Ne4
56. Kf4 Nd6 57. Rb6 Ke7 58. Bd5 Ra1 59. Rc6 Rf1+ 60. Ke3 Re1+ 61. Kf4 Rc1 62.
Ke5 Re1+ 63. Kf4 c4 64. Bxc4 Re4+ 65. Kf3 Rxc4 66. Rxc4 Nxc4 1/2-1/2

[Event "ROM-ch"]
[Site "Iasi"]
[Date "1999.12.18"]
[Round "6"]
[White "Ionescu, Constantin"]
[Black "Dumitrache, Dragos Nicolae"]
[Result "1-0"]
[WhiteElo "2450"]
[BlackElo "2435"]
[Annotator "Tsesarsky,I"]
[PlyCount "45"]
[EventDate "1999.12.13"]
[EventType "tourn"]
[EventRounds "15"]
[EventCountry "ROU"]
[EventCategory "9"]
[SourceTitle "CBM 075"]
[Source "ChessBase"]
[SourceDate "2000.04.05"]
[SourceVersion "1"]
[SourceVersionDate "2000.04.05"]
[SourceQuality "1"]

{[%mdl 8192]} 1. c4 c6 2. d4 d5 3. Nf3 e6 4. Qc2 Nf6 5. Nbd2 b6 $6 $14 {
Black give to White space advantage without any compensation} (5... Nbd7 {
- main line}) 6. e4 Nxe4 7. Nxe4 dxe4 8. Qxe4 Bb7 (8... Bb4+ 9. Bd2 Bxd2+ 10.
Nxd2 Bb7 11. Bd3 Qe7 12. Qg4 (12. O-O-O c5 13. d5 exd5 14. Qxe7+ Kxe7 15. Rhe1+
Kf8 16. cxd5 Bxd5 17. Be4 Bxe4 18. Nxe4 Nc6 19. Rd7 $44) 12... Qf6 13. O-O-O
O-O 14. Qe4 Qh6 15. Kb1 $14) 9. Bd3 Nd7 10. O-O Be7 11. Bd2 (11. Bc2 Nf6 12.
Qe2 $14) 11... Nf6 12. Qe2 c5 13. dxc5 bxc5 (13... Bxc5 14. Bc3 (14. b4 Bd6 15.
Bc3 Qc7 16. Ne5 O-O 17. Rfd1 Nd5 18. cxd5 Qxc3 19. Nc4 Bxb4 20. dxe6 Bc5 $11)
14... O-O 15. Rad1 (15. Ng5 h6 16. Bxf6 gxf6 17. Ne4 $14) 15... Qe7 16. Ng5 $14
) 14. Bc3 O-O 15. Rad1 Qc7 16. Ne5 Rfd8 17. Qe3 (17. Rfe1 $14) 17... Nd7 18.
Qg3 Bf8 $4 $18 (18... Nf6 19. Rfe1 (19. f4 Be4 $11) 19... Rab8 (19... Bd6 20.
Qh4 $14) 20. b3 $14) (18... Bd6 19. Bxh7+ Kxh7 20. Qd3+ Kg8 21. Qxd6 Qxd6 22.
Rxd6 Nxe5 23. Bxe5 $16) {[%tqu "En","?","","","e5f7","",10]} 19. Nxf7 $1 Qxg3
20. fxg3 Re8 21. Ng5 Nf6 22. Bxf6 gxf6 23. Nxh7 1-0

[Event "Yangon zt"]
[Site "Yangon"]
[Date "1998.12.13"]
[Round "6"]
[White "Myo, Naing"]
[Black "Kyaw, Kyaw Soe"]
[Result "1-0"]
[WhiteElo "2345"]
[BlackElo "2310"]
[Annotator "Tsesarsky,I"]
[PlyCount "49"]
[EventDate "1998.12.??"]
[EventType "swiss"]
[EventRounds "9"]
[EventCountry "BUR"]
[SourceTitle "CBM 069"]
[Source "ChessBase"]
[SourceDate "1999.04.01"]
[SourceVersion "1"]
[SourceVersionDate "1999.04.01"]
[SourceQuality "1"]

{[%mdl 24576]} 1. d4 d5 2. Nf3 c6 3. c4 Nf6 4. Nbd2 e6 5. e3 Bd6 (5... Nbd7 $5)
6. b3 O-O (6... Nbd7 7. Bb2 b6 8. Ne5 Bb7 9. f4 Rc8 10. Bd3 c5 11. O-O O-O 12.
Nxd7 (12. Rc1 $5 $132) 12... Qxd7 13. dxc5 Bxc5 14. Bxf6 Bxe3+ 15. Kh1 gxf6 16.
Qh5 Rfd8 (16... f5 17. Qg5+ Kh8 18. Qf6+ Kg8 19. Rf3 Bxf4 20. Rxf4 dxc4 21. Rd4
) 17. Rf3 (17. Qxh7+ Kf8 18. Rad1 Bxd2 19. Rxd2 dxc4 20. bxc4 Rxc4 21. f5 Bxg2+
22. Kxg2 Qd5+ 23. Kh3 Rd4 $19) 17... d4 (17... dxc4 $5) 18. Qh6 Bxf3 19. Bxh7+
Kh8 20. Nxf3 Rc5 $2 (20... Bxf4 21. Qxf4 Kxh7 22. Qxf6 Rc5 23. Ng5+ Rxg5 (23...
Kg8 24. Nxf7 Qxf7 25. Qxd8+ $18) 24. Qxg5 d3 $11) 21. Bd3+ Kg8 22. Qxf6 Qc7 23.
Ng5 Re8 24. Rf1 Rc6 25. Bh7+ (25. Be4 Rd6 26. Qh6 $18 (26. Rf3 e5 27. Bh7+ Kf8
28. Qh8+ Ke7 $132 {1/2-1/2 Nijdam,W-Kieboom,B/NED tt 1994 (37)})) 25... Kf8 26.
Be4 Rc5 27. Nh7+ Kg8 28. Qh6 $18) 7. Bb2 (7. Bd3 b6 8. Bb2 Ba6 9. O-O Nbd7 10.
Ne5 Rc8 11. f4 c5 12. Rf3 Re8 13. Nxd7 (13. Qe2 Bb7 $132) (13. Rh3 cxd4 14.
exd4 h6 $132) 13... Nxd7 14. e4 cxd4 15. e5 dxc4 16. Bxc4 Bxc4 17. Nxc4 Bc5 18.
Rd3 b5 19. Nd6 Bxd6 20. exd6 e5 21. fxe5 Nxe5 22. Rxd4 Qd7 $14 (22... Qb6 23.
Kh1 Nd7 $14 (23... Rcd8 24. Qd2 f6 25. Rd1 Re6 26. h3 Rd7 27. Bc3 a6 $14 (27...
Nf7 28. Ba5 Qb7 $14 (28... Qxd4 $4 {1/2-1/2 Skomorokhin,R-Christen,P/Wohlen
1993 (28) - ?} 29. Qxd4 Rexd6 30. Re1 $3 $18))))) 7... Nbd7 (7... a6 8. Bd3 b5
9. c5 (9. O-O Nbd7 10. Qe2 Re8 11. Ne5 dxc4 12. bxc4 c5 13. Ndf3 cxd4 14. exd4
bxc4 15. Bxc4 Nb6 16. Bb3 a5 17. Ng5 Ba6 18. Qf3 Bxf1 19. Rxf1 Nbd5 20. Nexf7
$2 (20. Ngxf7 Qe7 (20... Qc7 21. Rc1 $14) 21. Nxd6 Qxd6 22. Bc4 $132) 20... Qc7
21. Ne5 a4 22. Nxe6 Qb7 23. Bxd5 (23. Nc5 Bxc5 24. Bxd5+ Qxd5 25. Qxd5+ Nxd5
26. dxc5 a3 $17) 23... Qxd5 24. Nc5 a3 $17 {0-1 Hermlin,A-Kokkila,T/Joensuu
op-ch-FIN SS 1992 (60)}) 9... Bc7 10. e4 dxe4 11. Nxe4 Nd5 12. O-O $14) (7...
Ne4 8. Nxe4 dxe4 9. Nd2 f5 10. Qc2 Nd7 11. f4 exf3 12. Nxf3 e5 13. c5 (13. dxe5
Qa5+ 14. Bc3 Bb4 15. Bxb4 Qxb4+ 16. Qd2 Qxd2+ 17. Kxd2 Re8 18. Bd3 Nxe5 $11)
13... Bb8 14. Bc4+ Kh8 15. dxe5 (15. O-O e4 $15) 15... Qe7 16. Qc3 Nxc5 17.
O-O-O $132 {1-0 Stajcic,N-Pribyl,M/Policka ,EXT 1993 (42)}) 8. Bd3 Qe7 (8...
dxc4 9. Nxc4 Bb4+ 10. Kf1 (10. Ke2 $5 $14) 10... b6 11. h4 Be7 12. e4 h6 13.
Qe2 c5 14. Rd1 $14 {1-0 Vaisman,V-Borkowski,F/Sandomierz 1976/Inf 22 (36)}) (
8... Re8 9. Ne5 Qc7 10. f4 Nf8 11. O-O Qe7 12. c5 Bc7 13. b4 N6d7 14. Qb3 f6
15. Nef3 Kh8 16. Rae1 (16. a4 $132) 16... b5 17. e4 Qf7 18. f5 Nb8 (18... dxe4
19. Nxe4 a5 20. a3 axb4 21. axb4 $14) 19. fxe6 Bxe6 20. e5 $14 {1-0 Basagic,
Z-Krmelj,N/Ljubljana ,EXT 1993 (32)}) (8... Qc7 9. O-O b6 $132 (9... e5 $2 10.
c5 Be7 11. Nxe5 Nxe5 12. dxe5 Ng4 (12... Nd7 13. b4 h6 14. Qh5 b6 15. e6 Nf6
16. exf7+ Rxf7 17. Bxf6 Bxf6 18. Rac1 $16) 13. Qc2 Nxe5 14. Bxh7+ Kh8 15. Bf5
$16 {1-0 Johansen,M-Borbjerggaard,L/DEN cand 1994 (46)}) (9... Re8 $132)) 9.
Ne5 (9. O-O e5 10. dxe5 Nxe5 11. Nxe5 Bxe5 12. Bxe5 Qxe5 13. Nf3 Qe7 14. Nd4
Rd8 15. Qf3 c5 16. Nf5 Bxf5 17. Qxf5 $11 {1/2-1/2 Nezelof,P-Lesecq,P/Paris ,
EXT 1993 (33)}) 9... Ba3 (9... Bb4 10. O-O Rd8 11. f4 a5 12. Ndf3 h6 13. c5 a4
14. a3 Ba5 15. b4 Bc7 16. Bc2 $14 {1-0 Lisanti,A-Trabert,B/GER chJ int Trier ,
EXT 1989 (47)}) 10. Bxa3 Qxa3 11. f4 (11. O-O Qd6 12. Nxd7 Bxd7 13. e4 dxe4 14.
Nxe4 Qxd4 15. Nxf6+ Qxf6 16. Bxh7+ Kxh7 17. Qxd7 Rab8 18. Rad1 Rfd8 19. Qc7
Rdc8 20. Qa5 $14) 11... Qd6 12. c5 Qe7 (12... Qc7 13. b4 $14) 13. O-O Ne8 14.
Rf3 (14. Qh5 g6 (14... h6 15. b4 $14 (15. Rf3 Ndf6 16. Qh4 Kh8 17. b4 Ng8 18.
Qh3 $14)) 15. Qh6 f6 16. Nxd7 (16. Bxg6 fxe5 17. Bxe8 Qxe8 18. fxe5 Qg6 19. Qh4
b6 20. Rxf8+ Nxf8 $17) 16... Bxd7 17. b4 $14) 14... f5 15. Qe2 (15. b4 $14)
15... Nef6 16. Kh1 Ne4 17. Rg1 {[%cal Gg2g4]} Ndf6 18. g4 $4 $19 (18. h3 $6 Nc3
19. Qe1 Nxa2 20. g4 (20. Nb1 a5 21. Qh4 Nb4 $17) 20... Nb4 21. Bb1 b6 22. gxf5
exf5 23. Rfg3 Ne8 24. Rg5 bxc5 25. Qh4 Qf6 26. dxc5 Na6 $15) (18. a3 $14) 18...
Nxd2 $4 $132 (18... fxg4 19. Nxg4 Nxg4 20. Rxg4 e5 21. Rg1 Nxd2 22. Qxd2 e4 23.
Rfg3 exd3 $19) 19. Qxd2 Ne4 $4 $18 (19... fxg4 $4 20. Rfg3 (20. Nxg4 $4 Nxg4
21. Rxg4 e5 $19) 20... b6 (20... Bd7 21. Nxg4 Nxg4 22. Rxg4 Rf7 23. Rg5 b6 24.
Qf2 g6 (24... bxc5 25. Qh4 $18) 25. Qh4 Rg7 26. Qh6 (26. Bxg6 $4 hxg6 {[%cal
Ge7h4]}) 26... Be8 27. h4 bxc5 28. h5 $18) 21. Nxc6 (21. Nxg4 Nxg4 22. Rxg4 Rf7
23. Rg5 (23. Qc2 e5 24. Bxh7+ Kf8 25. Rg5 exd4 26. exd4 $16) 23... bxc5 24. Qf2
$1 $18) 21... Qc7 22. Ne5 bxc5 23. Qc2 h5 24. dxc5 Rb8 25. h3 $16) (19... Nxg4
$1 20. Rfg3 (20. Nxg4 fxg4 21. Rxg4 e5 $19) 20... Nxe5 21. Rxg7+ Qxg7 22. Rxg7+
Kxg7 23. dxe5 (23. fxe5 Rg8 24. Qf2 (24. Qa5 Kg6 25. Qc7 $16) 24... Bd7 25. Qh4
Raf8 26. Kg2 Kh8+ 27. Kf3 $132) 23... Bd7 (23... Rg8 24. Qa5 Kg6 25. Qc7 h6 (
25... Rg7 26. Qd8 h6 27. Qh8 $1 $16) 26. Kg2 $16) 24. Qa5 b6 $1 $132) 20. Bxe4
fxe4 (20... dxe4 21. Rfg3 $18) 21. Rh3 Bd7 22. Qe1 b6 23. g5 bxc5 (23... g6 24.
Qh4 Be8 25. Ng4 $18) (23... Be8 24. Qh4 g6 (24... Bg6 25. Nxg6 hxg6 26. Qh7+
Kf7 27. Rh6 $18) 25. Ng4 Kh8 26. Qh6 Qg7 (26... bxc5 27. Nf6 Rf7 28. Qxg6 Rg7 (
28... Bd7 29. Qh5 Rg7 (29... cxd4 30. g6 Rxf6 31. g7+ $18) 30. Nxd7 $1 Qxd7 31.
g6 e5 (31... cxd4 32. Qe5 dxe3 33. Rxh7+ Kg8 34. Qh5 $18) 32. dxe5 $18) 29.
Rxh7+) 27. Nf6 Qxh6 28. Rxh6 Rf7 29. Rg3 $18) 24. Qh4 g6 25. Nxg6 1-0

[Event "RUS Cup final 5th"]
[Site "Kazan"]
[Date "2001.10.02"]
[Round "1"]
[White "Filippov, Valerij"]
[Black "Popov, Valerij"]
[Result "1-0"]
[WhiteElo "2617"]
[BlackElo "2559"]
[Annotator "Tsesarsky,I"]
[PlyCount "63"]
[EventDate "2001.10.02"]
[EventType "tourn"]
[EventRounds "11"]
[EventCountry "RUS"]
[EventCategory "12"]
[SourceTitle "CBM 086"]
[Source "ChessBase"]
[SourceDate "2002.02.05"]
[SourceVersion "1"]
[SourceVersionDate "2002.02.05"]
[SourceQuality "1"]

1. Nf3 d5 2. d4 c6 3. c4 e6 4. Nbd2 Nf6 5. g3 c5 6. Bg2 (6. dxc5 Bxc5 7. Bg2
O-O 8. O-O Nc6 9. a3 a5 $11 {0-1 Gusev,N-Simagin,V/Gorky 1954/EXT 99 (38)}) (6.
cxd5 exd5 7. Bg2 {[%csl Rd2] In this tyope of position Nd2 placed worse than
on c3.} Nc6 8. O-O Bf5 (8... c4 9. b3 {-see commented game 0-1 Yakovich,
Y-Tregubov,P/Krasnodar 1997/EXT 2000[Tsesarsky,I] (62)}) 9. dxc5 Bxc5 10. Nb3 (
10. a3 O-O 11. b4 Bb6 12. Bb2 Qe7 13. Nb3 Rfd8 14. Nfd4 Be4 $11 {1/2-1/2
Psakhis,L-Grischuk,A/Torshavn 2000/CBM 78 ext (18)}) 10... Bb6 11. Bg5 h6 12.
Bxf6 Qxf6 13. Qxd5 Rd8 14. Qc4 Qxb2 $11 {1-0 Lugovoi,A-Solovjov,S/St
Petersburg 1998/CBM 67 ext (60)}) 6... cxd4 (6... Nc6 7. cxd5 exd5 8. O-O Bf5 (
8... Be6 9. dxc5 Bxc5 10. Nb3 Bb6 11. Nbd4 O-O 12. b3 Ne4 13. Bb2 Rc8 $11 {
0-1 Kalinski,K-Izvozchikov,A/Vilnius 1972/EXT 2001 (33)}) (8... h6 9. dxc5 Bxc5
10. a3 O-O 11. b4 Bb6 12. Bb2 Re8 13. Nb3 Qe7 14. e3 Bg4 15. Rc1 Rad8 $132 {
1/2-1/2 Rogers,I-Raicevic,V/Valjevo 1984/MCD (43)}) 9. Qb3 Qb6 10. Qe3+ Be6 11.
Nb3 c4 12. Nbd2 Be7 13. b3 O-O 14. Bb2 $132 {0-1 Ehlvest,J-Pavasovic,D/Dubai
UAE 2001/The Week in Chess 337 (30)}) 7. O-O (7. Nxd4 e5 (7... Nc6 8. cxd5 exd5
(8... Nxd4 9. Qa4+ Bd7 10. Qxd4 Bc6 $11) 9. N2b3 Be7 10. O-O O-O 11. Bf4 Bg4
12. h3 Be6 13. Kh2 Rc8 14. Rc1 $14 {1/2-1/2 Ushenina,A-Grin,D/Kharkov 2000/EXT
2001 (37)}) 8. N4f3 e4 9. Nd4 Bc5 10. e3 Bxd4 11. exd4 O-O 12. O-O Nc6 13. cxd5
Qxd5 14. Re1 Bf5 $11 {1-0 Zudov,M-Arkhangelsky,B/Moscow 1991/TD (37)}) 7... Nc6
8. cxd5 Nxd5 9. Nb3 Be7 10. Nfxd4 (10. Nbxd4 O-O (10... Nxd4 {-like in the
games noted below.}) 11. Nxc6 bxc6 12. Qa4 $14 {1/2-1/2 Christiansen,L-Wolff,P/
Wijk aan Zee 1993/CBM 34 (40)}) 10... Nxd4 11. Nxd4 O-O 12. e4 $5 (12. Nf5 Bc5
13. e4 Nb4 14. Be3 Bxe3 15. Nxe3 Qe7 16. Qh5 b6 17. a3 Na6 18. Rfd1 Bb7 $11 {
1/2-1/2 Malich,B-Baumbach,F/Bad Liebenstein 1963/EXT 2000 (40)}) (12. Qb3 $5
Bf6 13. Rd1 Qe7 14. e4 Nb6 15. Be3 Rd8 16. Nb5 Rxd1+ 17. Rxd1 Bd7 {[%cal Gd7a4]
} 18. Rc1 (18. Nxa7 Ba4 19. Qxb6 Bxd1 $17) 18... Bxb5 19. Qxb5 $14 {[%csl Ge3,
Gg2] 1-0 Czerwonski,A-Lipinsky,F/Germany 1999/GER-chT2 (53)}) 12... Nb6 $146 ({
Worth of attention} 12... Nb4 $5 13. Be3 $1 (13. a3 e5 14. Nf5 Nc6 15. Be3 (15.
Nxe7+ Qxe7 16. Qh5 Rd8 17. Be3 Nd4 18. Rad1 $14) 15... Bf6 16. Bc5 Qxd1 17.
Rfxd1 Rd8 18. Rxd8+ Bxd8 19. Rd1 Be6 $11 {1/2-1/2 Wojtkiewicz,A-Yermolinsky,A/
New York 1993/CBM 35 (26)}) 13... e5 14. Nf5 Bxf5 (14... Nc6 15. Qg4 Bxf5 16.
exf5 $14 {[%csl Ge3,Gg2]}) (14... Bf6 $2 15. Bc5 $18) 15. exf5 $14 {[%csl Ge3,
Gg2]}) 13. b3 {[%csl Ga4,Rb6,Gc4]} Bf6 ({Or} 13... e5 14. Nf5 Bxf5 (14... Bc5
15. Qc2 $1) 15. exf5 $14 {[%csl Gc1,Gg2]}) 14. Be3 {It is very difficult to
choose between this move and Bb2} ({Development advantage White keeps after} 
14. Bb2 $14 {-maybe in this case Black can't neutralize pressure.}) 14... Qd7
$1 {[%csl Rc8][%cal Gf8d8]} ({White keeps slight advantage in cases of:1)} 
14... e5 15. Nb5 $14) ({2)} 14... Qe7 15. Qh5 (15. f4 e5 16. fxe5 Bxe5 17. Qh5
g6 18. Qf3 $132) 15... g6 16. Qa5 Rd8 17. Rfd1 (17. e5 Bg7 18. Nf5 $5 (18. f4
Nd5 19. Bf2 Bd7 $132) 18... exf5 19. Bxb6 Re8 20. f4 f6 21. Bc5 Qf7 22. exf6
Bxf6 23. Rad1 Be6 24. Qb5 $14 {[%csl Ra7,Rb7]}) 17... Bg7 18. Rac1 $14) 15. Qd2
{[%csl Gd4][%cal Ga1d1]} (15. Rc1 $144 Rd8 {[%csl Rd4]} 16. Qf3 Qe8 (16... Bxd4
17. Bxd4 Qxd4 18. Rcd1 $16 {[%csl Rd4,Rd8]}) 17. Rfd1 Bd7 18. a4 Rac8 $11)
15... Rd8 16. Rad1 e5 $1 {Otherwise Bc8 can't be developed.} 17. Nf5 (17. Nb5
$144 Qxd2 18. Rxd2 Rxd2 19. Bxd2 Bd7 $11) 17... Qxd2 18. Bxd2 (18. Rxd2 Rxd2
19. Bxd2 Be6 $11) 18... Bd7 $1 (18... Bxf5 $6 19. exf5 Rd7 20. Be3 Rad8 21.
Rxd7 Rxd7 22. Rc1 $14 {[%csl Ge3,Gg2]}) 19. Bb4 Bb5 $11 {Black had developed
Bc8 and had equalized.} 20. Rxd8+ Rxd8 21. Rc1 Bg5 {This move looks strong
because Rc1 hasn't convenient place to retreat.But...} (21... g6 $142 22. Nd6
Bc6 23. h4 Bg7 $11) 22. f4 $1 {Interesting refutation.} exf4 23. h4 f3 (23...
Bf6 24. gxf4 g6 25. e5 $1 gxf5 26. exf6 $16 {[%csl Gb4,Gg2,Rg8]}) 24. hxg5 fxg2
25. Kxg2 f6 $2 $16 ({Much better was} 25... g6 $1 {[%csl Rf6,Rg7,Rh6] Black
doesn't afraid from K weakening.} 26. Nh6+ Kg7 27. Ng4 Bc6 28. Bc3+ Kf8 29. Nf6
Ke7 30. Kf3 $14 {[%csl Rh7]}) 26. gxf6 gxf6 27. a4 Bd3 28. Kf3 Ba6 29. Kf4 Rd3
$2 $18 {Decisive mistake.} (29... Kf7 $2 {[%cal Gd8d7]} 30. a5 Nd7 31. Rc7 h5
32. Be7 $18) ({Right was only} 29... Be2 $1 {[%csl Rf4]} 30. Nd6 $1 (30. a5 Rd3
31. Rc3 (31. axb6 Rf3+ 32. Kg4 Rf1+ 33. Kh3 Rxc1 34. bxa7 Ra1 35. Bc5 Bf3 36.
Nh6+ (36. g4 Bxe4 37. Nd6 Bc6 $15) 36... Kg7 (36... Kh8 37. g4 $16) 37. Nf5+
$11) 31... Nd7 32. Rxd3 Bxd3 33. Bc3 b6 $11) 30... a5 31. Bc5 Nd7 32. Nxb7 Nxc5
33. Rxc5 Rd3 34. Kf5 Rxb3 35. Nd6 $16) 30. a5 Nd7 31. Rc8+ Kf7 32. Nd6+ (32.
Nd6+ Kg6 (32... Rxd6 33. Bxd6 $18) (32... Kg7 33. Rc7 $18) 33. Rg8+ Kh5 34. Nf5
$18 {[%cal Gg3g4]}) 1-0